Sổ tay trồng rau an toàn

Giới thiệu hững hiểu biết cơ bản về kĩ thuật trồng rau, đặc biệt là biện pháp cần thiết để trồng rau đạt tiêu chuẩn an toàn. Ngoài ra có giới thiệu một số kết quả và kinh nghiệm trong phong trào trồng rau an toàn

Wedi'i Gadw mewn:
Manylion Llyfryddiaeth
Prif Awdur: Nguyễn, Mạnh Chinh
Awduron Eraill: Nguyễn Mạnh Chinh
Iaith:Undetermined
Cyhoeddwyd: Tp. Hồ Chí Minh Nông nghiệp 2007
Pynciau:
Tagiau: Ychwanegu Tag
Dim Tagiau, Byddwch y cyntaf i dagio'r cofnod hwn!
Thư viện lưu trữ: Trung tâm Học liệu Trường Đại học Trà Vinh
LEADER 00948nam a2200253Ia 4500
001 TVU_2013
008 210423s9999 xx 000 0 und d
041 |a Vie 
082 |a 635.1 
082 |b Ch312 
100 |a Nguyễn, Mạnh Chinh 
245 0 |a Sổ tay trồng rau an toàn 
245 0 |c Nguyễn Mạnh Chinh 
260 |a Tp. Hồ Chí Minh 
260 |b Nông nghiệp 
260 |c 2007 
300 |a 155 tr. 
300 |b bảng 
300 |c 19 cm 
504 |a Thư mục tham khảo: tr.153 
520 |a Giới thiệu hững hiểu biết cơ bản về kĩ thuật trồng rau, đặc biệt là biện pháp cần thiết để trồng rau đạt tiêu chuẩn an toàn. Ngoài ra có giới thiệu một số kết quả và kinh nghiệm trong phong trào trồng rau an toàn 
650 |a Pests; Vegetables; Rau; Trồng rau 
700 |a Nguyễn Mạnh Chinh 
980 |a Trung tâm Học liệu Trường Đại học Trà Vinh